| 000 | 00353nam a2200133Ia 4500 | ||
|---|---|---|---|
| 008 | 240624s9999 xx 000 0 und d | ||
| 041 | _aeng | ||
| 082 | _a302.35 NAI | ||
| 100 | _aNAIR SUJA R | ||
| 245 | _aORGANISATIONAL BEHAVIOUR TEXT AND CASES | ||
| 260 |
_c2010 _aNew Delhi _bHimalaya Publishing House |
||
| 300 | _a500 : p. : cm. ; 24 | ||
| 365 | _cRS | ||
| 999 |
_c24185 _d24185 |
||